00958nam a2200229 a 450000100060000000300090000600800410001504000280005608200180008410000420010224500330014426000370017730000080021449000210022250501350024359001130037865000300049165000250052194200120054699900170055895201530057522545CO-ViMGA141112s2004 ck r 000 u spa d aCO-ViMGAbspacCO-ViMGA04a741.018 G817e1 aGuasch Gemma, Asunción Josep93202510aEspacio : bPintura Creativa aBarcelona : bParramón, c2005 a159 aPintura creativa aEl espacio en el lenguaje pictórico 8 - 20 - - El espacio en la naturaleza viva 22 - 32 - - El espacio en el bodegón 40 - 58  aForma de adquisición : Compra - - Precio : 78.000 - - Proveedor : Dismet - - Fecha de adquisición : 200814aESPACIO EN EL ARTE93202614aPINTURA - TECNICáS 2ddccBK c30846d30846 00102ddc40708003aMEVIECARbMEVIECARd2015-12-04hVolumen. 1 | 11/jun/2009l0o741.018 G817e p22545r2015-12-04 00:00:00tEj. 1w2015-12-04yBK